000 00722nam a2200241 a 4500
003 MX-MxUPN
005 20240601063750.0
008 200130s1977 ag a r 000 0 spa d
035 _aUPN01000235206
040 _aMX-MxUPN
_bspa
_cMX-MxUPN
041 0 _aspa
050 1 4 _aLB1027
_bP356 1977
100 1 _aPaín, Sara
_932181
245 1 0 _aProgramación psicopedagógica para el primer ciclo escolar
260 _aBuenos Aires :
_bNueva Visión,
_c1977
300 _a123 páginas :
_bilustraciones
490 0 _aColección Psicología contemporánea. Serie Menor
650 4 _aEnseñanza
_96215
650 4 _aPsicopedagogía
_95085
902 _aVíctor Ruiz/171022
942 _2lcc
_cLIBRO
999 _c207301
_d207301